| 000 | 00465cam a2200157ua 4500 | ||
|---|---|---|---|
| 041 |
_aeng _h |
||
| 082 |
_a030.66 _bGER/UL |
||
| 100 | _aGerharts, Wolfgang` . | ||
| 245 |
_aUllman`s encyclopaedia of industrial chemistry volume A2:Amines,Aliphatic to antibiotics / _cWolfgang Gerharts. _hTextual Documents |
||
| 250 |
_a5 / _b. |
||
| 260 |
_aWeinheim : _bV C H publishers Inc , _c1985. |
||
| 300 | _a558 ; . | ||
| 504 | _a | ||
| 942 | _cBK | ||
| 999 |
_c12328 _d12328 |
||